TELINDE`S OPERATIVE GYNAECOLOGY (WITH CD) (Record no. 797113)

MARC details
000 -LEADER
fixed length control field 00588pam a2200205 a 4500
020 ## - INTERNATIONAL STANDARD BOOK NUMBER
International Standard Book Number 9788184730616
Terms of availability 3250.00
041 ## - LANGUAGE CODE
Language code of text/sound track or separate title eng
Language code of original NULL
082 ## - DEWEY DECIMAL CLASSIFICATION NUMBER
Classification number 618.2
Item number ROC/JON
100 ## - MAIN ENTRY--PERSONAL NAME
Personal name ROCK, J.A.,JONES H.W.
245 ## - TITLE STATEMENT
Title TELINDE`S OPERATIVE GYNAECOLOGY (WITH CD)
Statement of responsibility, etc. NULL.
Medium Textual Documents
250 ## - EDITION STATEMENT
Edition statement 10 ED /
Remainder of edition statement .
260 ## - PUBLICATION, DISTRIBUTION, ETC.
Place of publication, distribution, etc. NULL :
Name of publisher, distributor, etc. WOLTERS, KLUEWR LIPPINCOTT WIL.& WILKINS ,
Date of publication, distribution, etc. 2009.
300 ## - PHYSICAL DESCRIPTION
Extent 1449 : :
Other physical details XVII ;
Dimensions A4 . +
Accompanying material HB.
365 ## - TRADE PRICE
Price type code 3250.00
650 ## - SUBJECT ADDED ENTRY--TOPICAL TERM
Topical term or geographic name entry element OBST.GYNE
700 ## - ADDED ENTRY--PERSONAL NAME
Personal name JONES, H .
907 ## - LOCAL DATA ELEMENT G, LDG (RLIN)
a 6496
-- 6497
-- 6498
930 ## - EQUIVALENCE OR CROSS-REFERENCE-UNIFORM TITLE HEADING [LOCAL, CANADA]
Uniform title 2578
Holdings
Withdrawn status Lost status Damaged status Not for loan Collection Home library Current library Date acquired Source of acquisition Cost, normal purchase price Total Checkouts Full call number Barcode Date last seen Copy number Price effective from Koha item type
          Medical College & Hospital, Sangli Medical College & Hospital, Sangli 21/08/2008 B.M.S.G.B.PUNE 3250.00   618.2 ROC/JON MCS-6498 26/07/2023 4 26/07/2023 Book
          Medical College & Hospital, Sangli Medical College & Hospital, Sangli 21/08/2008 B.M.S.G.B.PUNE 3250.00   618.2 ROC/JON MCS-6497 26/07/2023 3 26/07/2023 Book
          Medical College & Hospital, Sangli Medical College & Hospital, Sangli 21/08/2008 B.M.S.G.B.PUNE 3250.00   618.2 ROC/JON MCS-6496 26/07/2023 2 26/07/2023 Book
          Medical College & Hospital, Sangli Medical College & Hospital, Sangli 21/08/2008 B.M.S.G.B.PUNE 3250.00   618.2 ROC/JON MCS-6195 26/07/2023 1 26/07/2023 Book